000 nam a22 7a 4500
999 _c126815
_d126815
008 170829b xxu||||| |||| 00| 0 eng d
050 _aPR9369.3.M342 P8
100 _aManaka, Matsemela
_923702
245 _aPula
_c/ Matsemela Manaka
260 _aBraamfontein
_bSkotaville Publishers
_c1990
300 _a58cm. ;
_c19cm.
942 _2lcc
_cMONOGRAPH